Statistics for Countries That Border Only Two Other Countries

Click here to take the quiz!

General Stats

  • This quiz has been taken 114 times
  • The average score is 18 of 29

Answer Stats

Two-border-country% Correct
United States
90%
Sweden
89%
Andorra
79%
Panama
77%
Yemen
77%
Mongolia
75%
Nepal
75%
Costa Rica
74%
Uruguay
74%
Bhutan
71%
Liechtenstein
70%
Belize
68%
Estonia
68%
Nicaragua
68%
Ecuador
65%
Tunisia
64%
El Salvador
63%
Moldova
60%
Swaziland
60%
Bangladesh
59%
Netherlands
59%
Lebanon
54%
Kuwait
51%
Guinea -Bissau
49%
Morocco
45%
Luxembourg
43%
Sierra Leone
40%
Equatorial Guinea
39%
Qatar
33%

Score Distribution

Percentile by Number Answered

Percent of People with Each Score

Your Score History

You have not taken this quiz